000 00812cab a22001935a 4500
001 L152525
008 110323e20110318xxk 000 0 eng d
035 _a(Sirsi) u152525
041 0 _aeng
100 1 _aFordham, Peter
245 0 0 _aEconomics
_bspecialist costs, steel and concrete
260 _c2011
490 _aBuilding
_v276 (8670) 18 March 2011, 50-53(4)
520 _aSteel and concrete subcontractor turnovers have taken a double hit as the price of raw materials has surged and work dried up; looks at recent price trends for concrete and steel work, and steel and concrete prices outlook, current indicative steel and concrete rates, sustainability credentials of steel and concrete.
590 _aKA
651 4 _aUnited Kingdom
_y
690 _aBUILT ENVIRONMENT-BUILDING COSTS
942 _n0
999 _c82987
_d82987